书目信息 |
| 题名: |
第四次浪潮
|
|
| 作者: | 甘哈曼 著 | |
| 分册: | ||
| 出版信息: | 湖南 《全国信息汇编》杂志社 1985 |
|
| 页数: | 270页 | |
| 开本: | 19cm | |
| 丛书名: | ||
| 单 册: | ||
| 中图分类: | G303 | |
| 科图分类: | ||
| 主题词: | 未来学 | |
| 电子资源: | ||
| ISBN: | ||
| 000 | 00628nam0 2200229 45 | |
| 001 | 0184004723 | |
| 005 | 20070719170527.03 | |
| 010 | @dCNY2.13 | |
| 091 | @aCN@b13309.1 | |
| 100 | @a19950704d1985 em y0chiy0121 ea | |
| 101 | 1 | @achi@ceng |
| 105 | @ay z 000yy | |
| 200 | 10 | @a第四次浪潮@Adi si ci lang chao@dThe fourth wave@zeng@f(美)甘哈曼著 |
| 210 | @a湖南@c《全国信息汇编》杂志社@d1985 | |
| 215 | @a270页@d19cm | |
| 510 | 1 | @aThe fourth wave@zeng |
| 606 | @a未来学 | |
| 690 | @aG303@v3 | |
| 701 | 1 | @a甘哈曼@Agan ha man@4著 |
| 801 | 0 | @aCN@bTSSF@c20070719 |
| 801 | 2 | @aCN@bNLC@c20060925 |
| 905 | @a10447@dG303@e115-2 | |
| 第四次浪潮=The fourth wave/(美)甘哈曼著.-湖南:《全国信息汇编》杂志社,1985 |
| 270页;19cm |
| ISBN :CNY2.13 |
| ● |
| 相关链接 |
|
|
|
|
正题名:第四次浪潮
索取号:G303/115-2
 
预约/预借
| 序号 | 登录号 | 条形码 | 馆藏地/架位号 | 状态 | 备注 |
| 1 | 0422733 | 204227336 | 密集书库/ [索取号:G303/115-2] | 在馆 | |
| 2 | 0450037 | 204500370 | 密集书库/ [索取号:G303/115-2] | 在馆 | |
| 3 | 0767727 | 207677272 | 密集书库/ [索取号:G303/115-2] | 在馆 |